100 premiers au classement UEFA (clubs) - Statistiques

Statistiques générales
  • Ce quiz a été pris 139 fois
    54 depuis la dernière actualisation
  • Le résultat moyen est 48 sur 100
Statistiques - réponses
Hint Réponse % Correct
Italie AC Milan
100%
Angleterre Liverpool
100%
Angleterre Manchester City
100%
France PSG
100%
Espagne Real Madrid
100%
Allemagne Bayern
98%
Allemagne Dortmund
98%
Italie Inter
98%
Allemagne Leverkusen
98%
Angleterre Manchester United
98%
Angleterre Chelsea
96%
Italie Juventus
96%
Portugal Porto
96%
Pays-Bas Ajax
92%
Espagne Barcelone
92%
Espagne Séville
92%
Espagne Atlético Madrid
90%
Portugal Benfica
84%
France Lyon
84%
Italie Naples
84%
Angleterre Arsenal
82%
Italie AS Rome
82%
Allemagne Leipzig
80%
France OM
80%
Pays-Bas PSV
71%
Angleterre Tottenham
69%
France Lille
67%
France Monaco
67%
Espagne Villarreal
67%
Portugal Sporting Lisbonne
65%
Écosse Rangers
61%
France Rennes
61%
Pays-Bas Feyenoord
59%
Angleterre Leicester
59%
Écosse Celtic
55%
Ukraine Dynamo Kiev
55%
Allemagne Francfort
55%
Espagne Real Sociedad
55%
Turquie Galatasaray
53%
Italie Lazio
53%
France Nice
53%
Espagne Valence
53%
Angleterre West Ham
51%
Belgique Anderlecht
49%
Angleterre Aston Villa
49%
Espagne Betis
49%
Belgique Club Bruges
49%
Italie Fiorentina
49%
Angleterre Newcastle
49%
Danemark Copenhague
47%
Suisse Young Boys
47%
Serbie Etoile Rouge
45%
Italie Atalanta
43%
Suisse Bâle
41%
Portugal Braga
41%
Suède Malmo
35%
Angleterre Brighton
33%
Croatie Dinamo Zagreb
33%
Turquie Fenerbahçe
33%
Belgique La Gantoise
33%
Israël Maccabi Tel Aviv
33%
Autriche Rapid Vienne
33%
Autriche RB Salzburg
33%
Allemagne Monchengladbach
29%
Italie Torino
29%
Allemagne Union Berlin
29%
Grèce Olympiakos
27%
République Tchèque Slavia Prague
24%
Belgique Antwerp
22%
Roumanie Cluj
22%
Allemagne Fribourg
22%
Serbie Partizan Belgrade
22%
Allemagne Wolfsburg
22%
Chypre APOEL Nicosie
20%
Hongrie Ferencvaros
20%
Espagne Getafe
20%
Grèce PAOK
20%
Azerbaïdjan Qarabag
20%
Ukraine Shakhtar Donetsk
20%
Belgique Union Saint-Gilloise
20%
Autriche LASK Linz
18%
Russie Lokomotiv Moscou
18%
Bulgarie Ludogorets
18%
Russie Spartak Moscou
18%
Russie Zenith
18%
Norvège Bodo Glimt
16%
Norvège Molde
16%
Pays-Bas Alkmaar
14%
Espagne Osasuna
14%
Moldavie Sheriff Tiraspol
14%
Slovaquie Slovan Bratislava
14%
Turquie Basaksehir
12%
Espagne Espanyol
12%
Danemark Midtjylland
12%
Israel Hapoel Beer Sheva
10%
Pologne Lech Poznan
8%
Angleterre Wolves
8%
Espagne Grenade
4%
Turquie Sivasspor
4%
Suède Djugarden
0%
Aucun quiz correspondant
Distribution des résultats
% des personnes avec chaque résultat
Percentile par nombre de réponses
Votre historique - résultats
Vous n’avez pas pris ce quiz depuis la dernière actualisation